| 000 | 00401nam a22001457a 4500 | ||
|---|---|---|---|
| 005 | 20171219134112.0 | ||
| 008 | 171219b xxu||||| |||| 00| 0 eng d | ||
| 020 | _a0391010182 | ||
| 040 | _cPK-LaUMT | ||
| 082 |
_aPKAC 146.3 _bISS- |
||
| 245 |
_aIssues in marxist philosophy / _cJohn Mepham and D.H. Ruben(Eidtor) |
||
| 260 |
_aNew Delhi: _bHumanities press, _c1979 |
||
| 300 | _a170 p. | ||
| 942 | _cBK | ||
| 999 |
_c100887 _d100887 |
||